[Event "MAD-ch"]
[Site "Antananarivo"]
[Date "2019.08.16"]
[Round "3"]
[White "Andriniaina, Heritiana"]
[Black "Rajaonarison, Faniry"]
[Result "1/2-1/2"]
[WhiteElo "2023"]
[BlackElo "2164"]
[PlyCount "73"]
[EventDate "2019.08.15"]
[EventType "swiss"]
[EventRounds "9"]
[EventCountry "MAD"]
[SourceTitle "EXT 2020"]
[Source "ChessBase"]
[SourceDate "2019.10.17"]
[SourceVersion "1"]
[SourceVersionDate "2019.10.17"]
[SourceQuality "1"]

1. d4 Nf6 2. c4 g6 3. Nc3 Bg7 4. e4 d6 5. h3 Nc6 6. d5 Nb8 7. Be3 0-0 8. Nf3 e5 9. dxe6 Bxe6 10. Bd3 Nc6 11. 0-0 Re8 12. Qd2 Nd7 13. Rad1 Nce5 14. Nxe5 dxe5 15. c5 c6 16. b4 b6 17. Na4 b5 18. Nb2 Nf8 19. a4 a6 20. Ra1 f5 21. Qe2 f4 22. Bd2 g5 23. Ra3 g4 24. hxg4 Qd7 25. Bc3 Bxg4 26. f3 Bh5 27. Rfa1 Rac8 28. axb5 axb5 29. Bc2 Ne6 30. Bb3 Kh8 31. Rd1 Qb7 32. Nd3 Ng5 33. Rda1 Qe7 34. Ra7 Rc7 35. Rxc7 Qxc7 36. Qa2 Qd7 37. Ne1 1/2-1/2

[Event "Olympiad-43"]
[Site "Batumi"]
[Date "2018.09.30"]
[Round "6.43"]
[White "Rajaonarison, Faniry"]
[Black "Almeida Quintana, Omar"]
[Result "0-1"]
[WhiteElo "2126"]
[BlackElo "2540"]
[PlyCount "62"]
[EventDate "2018.09.24"]
[EventType "team-swiss"]
[EventRounds "11"]
[EventCountry "GEO"]
[SourceTitle "CBM 187"]
[Source "ChessBase"]
[SourceDate "2018.12.11"]
[SourceVersion "1"]
[SourceVersionDate "2018.12.11"]
[SourceQuality "1"]
[WhiteTeam "Madagascar"]
[BlackTeam "Cuba"]
[WhiteTeamCountry "MAD"]
[BlackTeamCountry "CUB"]

1. e4 g6 2. d4 Bg7 3. Nc3 a6 4. Be3 d6 5. Qd2 b5 6. Bd3 Bb7 7. f3 Nd7 8. a4 b4 9. Nce2 c5 10. c3 bxc3 11. bxc3 Ngf6 12. Nh3 0-0 13. 0-0 Qa5 14. Ra2 Rfc8 15. Rb1 Rab8 16. Rab2 Bc6 17. Bc2 Rxb2 18. Rxb2 Nb6 19. Qd3 cxd4 20. Nxd4 Nfd7 21. Rb4 Bxa4 22. Bxa4 Nxa4 23. Nb3 Nac5 24. Bxc5 Nxc5 25. Qc4 Qa2 26. Nxc5 Qxc4 27. Rxc4 Rxc5 28. Rxc5 dxc5 29. c4 a5 30. Nf4 a4 31. Nd3 Bb2 0-1

[Event "Olympiad-41"]
[Site "Tromsoe"]
[Date "2014.08.11"]
[Round "9.1"]
[White "Rajaonarison, Faniry"]
[Black "Ahmed, Ashraf"]
[Result "1-0"]
[WhiteElo "2112"]
[BlackElo "1817"]
[PlyCount "95"]
[EventDate "2014.08.02"]
[EventType "team-swiss"]
[EventRounds "11"]
[EventCountry "NOR"]
[SourceTitle "CBM 162"]
[Source "ChessBase"]
[SourceDate "2014.09.17"]
[SourceVersion "1"]
[SourceVersionDate "2014.09.17"]
[SourceQuality "1"]
[WhiteTeam "Madagascar"]
[BlackTeam "Maldives"]
[WhiteTeamCountry "MAD"]
[BlackTeamCountry "MDV"]

1. e4 e5 2. Nf3 Nc6 3. Bb5 Nd4 4. Nxd4 exd4 5. 0-0 c6 6. Bc4 Nf6 7. e5 d5 8. exd6 Qxd6 9. Re1+ Be6 10. d3 0-0-0 11. Bxe6+ fxe6 12. Nd2 Re8 13. a4 h5 14. Nc4 Qc7 15. Qf3 Bd6 16. Nxd6+ Qxd6 17. Qg3 Qxg3 18. hxg3 Nd5 19. Bg5 Nb4 20. Re2 Kd7 21. a5 Rhf8 22. c3 dxc3 23. bxc3 Nd5 24. c4 Rf5 25. Bd2 Nc7 26. Be3 c5 27. d4 b6 28. axb6 axb6 29. dxc5 bxc5 30. Rd2+ Kc6 31. Rad1 Re7 32. Rd6+ Kb7 33. Rb1+ Kc8 34. Rc6 Kd7 35. Rbb6 Na8 36. Rd6+ Kc8 37. Rbc6+ Rc7 38. Rxe6 Rxc6 39. Rxc6+ Kd7 40. Rg6 Rf7 41. Bxc5 Nc7 42. Rd6+ Kc8 43. Be3 Ne8 44. Rb6 Rc7 45. c5 Nf6 46. Re6 Ra7 47. Bd4 Kd7 48. Rxf6 1-0

[Event "Olympiad-41"]
[Site "Tromsoe"]
[Date "2014.08.02"]
[Round "1.2"]
[White "Rajaonarison, Faniry"]
[Black "Borisek, Jure"]
[Result "0-1"]
[WhiteElo "2112"]
[BlackElo "2569"]
[PlyCount "36"]
[EventDate "2014.08.02"]
[EventType "team-swiss"]
[EventRounds "11"]
[EventCountry "NOR"]
[SourceTitle "CBM 162"]
[Source "ChessBase"]
[SourceDate "2014.09.17"]
[SourceVersion "1"]
[SourceVersionDate "2014.09.17"]
[SourceQuality "1"]
[WhiteTeam "Madagascar"]
[BlackTeam "Slovenia"]
[WhiteTeamCountry "MAD"]
[BlackTeamCountry "SLO"]

1. e4 e5 2. Nf3 Nc6 3. Bb5 a6 4. Ba4 Nge7 5. Nc3 g6 6. d3 Bg7 7. Bg5 h6 8. Be3 f5 9. exf5 Nxf5 10. Bb3 Na5 11. Qe2 Nxb3 12. axb3 0-0 13. 0-0-0 d5 14. d4 e4 15. Ng1 c6 16. Qd2 b5 17. f3 Re8 18. Re1 c5 0-1